00863 2200265 4500001002100000005001500021035002000036007000300056008004100059020002200100082000800122084001300130100003300143245020200176260002900378300003800407650002600445700001800471700001900489700003000508700002400538520001100562990001200573990001200585INLIS00000000000179020180320085735 a0010-0318000133ta180320 g 0 ind  a978-979-709-975-6 a030 a030 ENS0 aBATUBARA, Rido Miduk Sugandi1 aEnsklopedia Populer Pulau-pulau Kecil Nusantara :bDKI Jakarta Seribu Ibu Kota di Laut Jawa /cRido Miduk Sugandi Batubara, Andi Rusandi, Muhandi Sidqi, Pingkan Katharina Roeroe, Simon Boyke Sinaga aJakarta :bKompas,c2016 axxix, 194 hlm. :bilus. ;c23 cm. aENSIKLOPEDI DAN KAMUS0 aANDI, RUSANDI0 aMUHANDI, Sidqi0 aPINGKAN, Katharina Roeroe0 aSINAGA, Simon Boyke aindeks a16802 a a16802 b